La vuelta al mundo de los exploradores

Saved in:
Bibliographic Details
Main Author: Brosse, Jacques (Author)
Format: Book
Language:Spanish
Published: Barcelona Serbal 1985
Subjects:
Tags: Add Tag
No Tags, Be the first to tag this record!

MARC

LEADER 00000nam a2200000 a 4500
001 UCN2592
003 CL-VaPUC
008 010530e19850000SP |||||||||||||||||spa|d
082 0 4 |a 910.41  |b BRO  |2 21 
100 0 |a Brosse, Jacques  |e author  |9 458601 
245 1 3 |a La vuelta al mundo de los exploradores 
246 1 4 |a Los grandes viajes marítimos, 1764-1843 
300 |a 230 p 
942 |c BK 
945 |d 20010530 00:00:00  |a cmena 
260 |a Barcelona  |b Serbal  |c 1985 
650 0 |a Viajes y descripciones  |9 363745 
650 7 |a EXPLORACIONES OCEANICAS  |2 CL-VaPUC  |9 368784 
650 0 |a Viajes  |y 1764-1843  |9 458602 
583 |a last modification  |c 20010530 00:00:00  |k Rodrigo Vera 
999 |c 295647  |d 295645 
952 |0 0  |1 0  |4 0  |6 910_410000000000000_BRO_1985  |7 0  |8 X  |9 348940  |a BIBHIS  |b BIBHIS  |d 2019-11-20  |i 3710777  |o 910.41 BRO 1985  |p 3710777  |r 2024-01-30  |w 2019-11-20  |y BK_X  |k HIS